书目信息 |
| 题名: |
计算机辅助几何设计
|
|
| 作者: | 郑忠俊 , 谢红兵 编 | |
| 分册: | ||
| 出版信息: | 上海 上海交通大学出版社 2006.07 |
|
| 页数: | 248页 | |
| 开本: | 26cm | |
| 丛书名: | 21世纪计算机系列教材 | |
| 单 册: | ||
| 中图分类: | TP391.72 | |
| 科图分类: | ||
| 主题词: | 几何--ji he--计算机辅助设计--高等学校--教材 | |
| 电子资源: | ||
| ISBN: | 7-313-04452-6 | |
| 000 | 01024nam 2200253 450 | |
| 001 | 012006994232 | |
| 005 | 20070531091405.28 | |
| 010 | @a7-313-04452-6@dCNY26.00 | |
| 100 | @a20061216d2006 km y0chiy0120 ea | |
| 101 | 0 | @achi |
| 102 | @aCN@b310000 | |
| 105 | @aa z 000yy | |
| 200 | 1 | @a计算机辅助几何设计@Aji suan ji fu zhu ji he she ji@f郑忠俊, 谢红兵编@Fzheng zhong jun,xie hong bing bian |
| 210 | @a上海@c上海交通大学出版社@d2006.07 | |
| 215 | @a248页@c图@d26cm | |
| 225 | 2 | @a21世纪计算机系列教材@A21 shi ji ji suan ji xi lie jiao cai |
| 330 | @a本书详细介绍了计算机辅助几何设计的原理和方法。本书以AutoCAD软件为研究开发工具,讨论了微机上常用的二维三维图形的基本绘画操作、常用的二维三维图形基本编辑操作、计算机图形的精确作图技术等内容。 | |
| 410 | 0 | @12001 @a21世纪计算机系列教材 |
| 606 | 0 | @a几何@Aji he@x计算机辅助设计@x高等学校@j教材 |
| 690 | @aTP391.72@v4 | |
| 701 | 0 | @a郑忠俊@Azheng zhong jun@4编 |
| 701 | 0 | @a谢红兵@Axie hong bing@4编 |
| 801 | 0 | @aCN@c20070531 |
| 905 | @b232705-06@dTP391.72@eZ456 | |
| 计算机辅助几何设计/郑忠俊, 谢红兵编.-上海:上海交通大学出版社,2006.07 |
| 248页:图;26cm.-(21世纪计算机系列教材) |
| ISBN 7-313-04452-6:CNY26.00 |
| 本书详细介绍了计算机辅助几何设计的原理和方法。本书以AutoCAD软件为研究开发工具,讨论了微机上常用的二维三维图形的基本绘画操作、常用的二维三维图形基本编辑操作、计算机图形的精确作图技术等内容。 |
| ● |
| 相关链接 |
|
|
|
正题名:计算机辅助几何设计
索取号:TP391.72/Z456
 
预约/预借
| 序号 | 登录号 | 条形码 | 馆藏地/架位号 | 状态 | 备注 |
| 1 | 232705 | 202327053 | 自科库301/301自科库 112排2列2层/ [索取号:TP391.72/Z456] | 在馆 | |
| 2 | 232706 | 202327062 | 自科库301/301自科库 112排2列2层/ [索取号:TP391.72/Z456] | 在馆 |